| 000 | 00748nam a2200229 a 4500 | ||
|---|---|---|---|
| 001 | 16415 | ||
| 003 | BD-RjUL | ||
| 005 | 20211209000015.0 | ||
| 008 | 140213s1947 nyuaf 00110 eng d | ||
| 035 | _a(BD-RjUL)16470 | ||
| 040 |
_aLC _beng _cLC _dBD-RjUL |
||
| 041 | _aeng | ||
| 082 | 0 | 0 |
_a720 _220 _bHAA 1947 |
| 100 | 1 |
_aHamlin, Talbot, _d1889-1956. _950750 |
|
| 245 | 1 | 0 |
_aArchitecture : _ban art for all men / _cTalbot Hamlin. |
| 260 |
_aNew York : _bColumbia University Press, _cc1947. |
||
| 300 |
_axxii, 279 p., [32] p. of plates : _bill. ; _c24 cm. |
||
| 500 | _aCompletely rewritten ed. of the author's Enjoyment of architecture, originally pub. in 1916. | ||
| 500 | _aIncludes index. | ||
| 650 | 0 |
_aArchitecture. _950751 |
|
| 942 |
_2ddc _cBK |
||
| 999 |
_c16415 _d16415 |
||